<?xml version="1.0" encoding="UTF-8"?>
<record
    xmlns:xsi="http://www.w3.org/2001/XMLSchema-instance"
    xsi:schemaLocation="http://www.loc.gov/MARC21/slim http://www.loc.gov/standards/marcxml/schema/MARC21slim.xsd"
    xmlns="http://www.loc.gov/MARC21/slim">

  <leader>00733nam a22001697a 4500</leader>
  <controlfield tag="005">20170427101111.0</controlfield>
  <datafield tag="020" ind1=" " ind2=" ">
    <subfield code="a">9789351448419</subfield>
    <subfield code="c">945.00</subfield>
  </datafield>
  <datafield tag="035" ind1=" " ind2=" ">
    <subfield code="a">B-665218</subfield>
  </datafield>
  <datafield tag="037" ind1=" " ind2=" ">
    <subfield code="b">DBAD/PUB</subfield>
  </datafield>
  <datafield tag="082" ind1=" " ind2=" ">
    <subfield code="a">621.8</subfield>
  </datafield>
  <datafield tag="245" ind1=" " ind2=" ">
    <subfield code="a">GATE 2017 graduate aptitude test in engineering: </subfield>
    <subfield code="c">by Gateforum</subfield>
    <subfield code="b">machanical engineering  /</subfield>
  </datafield>
  <datafield tag="260" ind1=" " ind2=" ">
    <subfield code="a">Noida</subfield>
    <subfield code="b">McGraw Hill Education</subfield>
    <subfield code="c">2017</subfield>
  </datafield>
  <datafield tag="270" ind1=" " ind2=" ">
    <subfield code="a">B-4, Sector-63, Dist. Gautam Budh Nagar </subfield>
    <subfield code="b">Noida</subfield>
    <subfield code="e">201301</subfield>
  </datafield>
  <datafield tag="300" ind1=" " ind2=" ">
    <subfield code="a">various pagings :</subfield>
    <subfield code="c">25cm(pbk)</subfield>
    <subfield code="b">ill</subfield>
  </datafield>
  <datafield tag="942" ind1=" " ind2=" ">
    <subfield code="2">ddc</subfield>
    <subfield code="c">EN</subfield>
    <subfield code="h">621.8</subfield>
    <subfield code="m">GAT</subfield>
  </datafield>
  <datafield tag="999" ind1=" " ind2=" ">
    <subfield code="c">139288</subfield>
    <subfield code="d">139288</subfield>
  </datafield>
  <datafield tag="952" ind1=" " ind2=" ">
    <subfield code="0">0</subfield>
    <subfield code="1">0</subfield>
    <subfield code="4">0</subfield>
    <subfield code="7">0</subfield>
    <subfield code="8">NFIC</subfield>
    <subfield code="a">AV</subfield>
    <subfield code="b">AV</subfield>
    <subfield code="d">2017-04-27</subfield>
    <subfield code="e">BPPD/EN/2014-15/AV/16-17/387/15.2.2017/5059/1.3.2017/ 7.3.2017</subfield>
    <subfield code="g">945.00</subfield>
    <subfield code="l">4</subfield>
    <subfield code="m">0</subfield>
    <subfield code="o">621.8 GAT</subfield>
    <subfield code="p">B-665218</subfield>
    <subfield code="r">2023-04-05 00:00:00</subfield>
    <subfield code="s">2023-03-13</subfield>
    <subfield code="t">1</subfield>
    <subfield code="v">945.00</subfield>
    <subfield code="w">2017-04-27</subfield>
    <subfield code="y">EN</subfield>
  </datafield>
</record>
